| 000 | 00810nam a2200253Ia 4500 | ||
|---|---|---|---|
| 003 | OSt | ||
| 005 | 20221005100715.0 | ||
| 006 | a|||||r|||| 00| 0 | ||
| 007 | ta | ||
| 008 | 221004b |||||||| |||| 00| 0 eng d | ||
| 020 |
_a9788173053081 (hbk) _c495 |
||
| 024 | _a97103 | ||
| 037 |
_b535, 15/01/2009, Eastern Book Linkers _cTextual |
||
| 040 |
_aCRL _cCRL _beng |
||
| 041 |
_2eng _aeng |
||
| 082 | _aO111944:(Q4), P7 | ||
| 100 |
_aDash Narendra Kumar Ed. _9509106 |
||
| 245 | 0 | _aBuddhism in Indian literature | |
| 260 |
_aSimla _bIndian Institute of Advanced Study India _c2007 |
||
| 300 |
_axxi,247p. _ccm. |
||
| 650 | _aENGLISH LITERATURE | ||
| 942 |
_hO111944:(Q4), P7 _cTEXL _2cc |
||
| 999 |
_c1005615 _d1005615 |
||